00309nam a2200145Ia 4500008004100000041000800041082000800049100001600057245002600073250000600099260002100105300000800126542001500134650001400149220531s9999 xx 000 0 und d aeng bBAS aBasu,pradip aModern Social Thinker a1 aPunebSetuc2012 a358 d31-07-2012 aSociology